Hỏi đáp về chế độ kết hôn và ly hôn theo luật hôn nhân gia đình Việt Nam
Na minha lista:
| Autor principal: | |
|---|---|
| Formato: | Livro |
| Idioma: | Undetermined |
| Publicado em: |
Hà Nội
Công an nhân dân
2007
|
| Assuntos: | |
| Tags: |
Adicionar Tag
Sem tags, seja o primeiro a adicionar uma tag!
|
| Thư viện lưu trữ: | Trung tâm Học liệu Trường Đại học Cần Thơ |
|---|
| LEADER | 00657nam a2200205Ia 4500 | ||
|---|---|---|---|
| 001 | CTU_128830 | ||
| 008 | 210402s9999 xx 000 0 und d | ||
| 020 | |c 38500 | ||
| 082 | |a 346.597016 | ||
| 082 | |b H401 | ||
| 100 | |a Đỗ, Thị Hoa | ||
| 245 | 0 | |a Hỏi đáp về chế độ kết hôn và ly hôn theo luật hôn nhân gia đình Việt Nam | |
| 245 | 0 | |c Đỗ Thị Hoa, Hương Lê | |
| 260 | |a Hà Nội | ||
| 260 | |b Công an nhân dân | ||
| 260 | |c 2007 | ||
| 650 | |a Family law,Marriage law | ||
| 650 | |z Viet Nam,Viet Nam | ||
| 904 | |i Minh | ||
| 980 | |a Trung tâm Học liệu Trường Đại học Cần Thơ | ||